LEADER 00922nam0-22003131i-450- 001 990003103390403321 005 20050707163736.0 010 $a0-89838-022-7 035 $a000310339 035 $aFED01000310339 035 $a(Aleph)000310339FED01 035 $a000310339 100 $a20030910d1980----km-y0itay50------ba 101 0 $aeng 102 $aIT 200 1 $aInstitutional Economics$eContributions to the Development of Holistic Economics$eEssays in Honor of Allan G. Gruchy$fJohn Adams, Editor 210 $aBoston$aThe Hague$cMartinus Nijhoff$dc1980 215 $aVI, 249 p.$d24 cm 610 0 $aIstituzionalismo 676 $aD/6 702 1$aAdams,$bJohn$f<1938-> 702 1$aGruchy,$bAllan G. 801 0$aIT$bUNINA$gRICA$2UNIMARC 901 $aBK 912 $a990003103390403321 952 $aD/6 ADA$b10493/I$fSES 959 $aSES 996 $aInstitutional Economics$9461974 997 $aUNINA LEADER 01948nam a2200457 i 4500 001 991001490469707536 005 20020508163733.0 008 930612m19741986nyua b 001 0 eng d 020 $a0471372447 (v. 1) 020 $a0471015253 (v. 2) 020 $a0471087033 (v. 3) 035 $ab10854629-39ule_inst 035 $aLE01300762$9ExL 040 $aDip.to Matematica$beng 082 0 $a515.9 084 $aAMS 30-02 084 $aAMS 30B 084 $aAMS 33-01 084 $aAMS 40A15 084 $aAMS 44-01 084 $aAMS 42-01 084 $aLC QA331.H453 100 1 $aHenrici, Peter$01017 245 10$aApplied and computational complex analysis /$cPeter Henrici 260 $aNew York :$bJ. Wiley & Sons,$c[1974]-1986 300 $a3 v. :!bill. ;$c23 cm 490 0 $aPure and applied mathematics. A Wiley-Interscience series of texts, monographs, and tracts,$x0079-8185 504 $aIncludes bibliographies and index 505 0 $gV. 1:$tPower series-Integration-Conformal mapping-Location of zeros 505 0 $gV. 2:$tSpecial functions-Integral transforms-Asymptotics-Continued fractions 505 0 $gV. 3:$tDiscrete Fourier analysis-Cauchy integrals-Construction of conformal maps-Univalent functions 650 0$aAnalytic functions 650 0$aFunctions of complex variables 907 $a.b10854629$b23-02-17$c28-06-02 912 $a991001490469707536 945 $aLE013 30-XX HEN11 V.I (1974)$cV. 1$g1$i2013000130170$lle013$o-$pE0.00$q-$rl$s- $t0$u4$v2$w4$x0$y.i10926409$z28-06-02 945 $aLE013 30-XX HEN11 V.II (1977)$cV. 2$g1$i2013000130187$lle013$o-$pE0.00$q-$rl$s- $t0$u0$v0$w0$x0$y.i10946755$z28-06-02 945 $aLE013 30-XX HEN11 V.III (1986)$cV. 3$g1$i2013000130194$lle013$o-$pE0.00$q-$rl$s- $t0$u0$v0$w0$x0$y.i10858507$z28-06-02 996 $aApplied and computational complex analysis$982306 997 $aUNISALENTO 998 $ale013$b01-01-93$cm$da $e-$feng$gnyu$h0$i1 LEADER 03030nam1 22006013i 450 001 LO10093896 005 20251003044207.0 100 $a19920714g1958 ||||0itac50 ba 101 | $aita$cita 102 $ait 181 1$6z01$ai $bxxxe 182 1$6z01$an 183 1$6z01$anc$2RDAcarrier 200 1 $aLineamenti di una storia del movimento operaio italiano$fGiulio Trevisani 210 $aMilano$aRoma$cAvanti! 215 $av.$d17 cm. 225 | $aBiblioteca socialista 312 $aTit. del dorso: Storia del movimento operaio italiano / Giulio Trevisani$9TO00723829 410 0$1001RAV0093750$12001 $aBiblioteca socialista 463 1$1001LO10093888$12001 $aˆ1: ‰Dalla rivoluzione industriale alla 1. Internazionale$fGiulio Trevisani$v1 463 1$1001LO10093903$12001 $aˆ2: ‰Dalla 1. Internazionale a fine secolo$fGiulio Trevisani$v2 463 1$1001LO11616740$12001 $aˆ1: ‰Dalla rivoluzione industriale alla Prima Internazionale$fGiulio Trevisani$v1 463 1$1001PUV0547555$12001 $aˆ3: ‰Dalla svolta liberale allo scioglimento della C.G.L.$fGiulio Trevisani$v3 500 10$aLineamenti di una storia del movimento operaio italiano.$3VIA0411593$9RAVV005110$9688503 517 1 $aStoria del movimento operaio italiano / Giulio Trevisani$9TO00723829 606 $aMovimento operaio$xItalia$xStoria$2FIR$3CFIC004276$9I 606 $aMovimento operaio$2FIR$3CFIC010998$9E 606 $aStoria$xItalia$2FIR$3LI3C000206$9I 620 $aIT$dMilano$3MUSL002184 676 $a331.8$9SINDACATI E CONTRATTAZIONE COLLETTIVA$v12 676 $a331.80945$9Sindacati e contrattazione collettiva. Italia$v20 676 $a331.80945$9SINDACATI, CONTRATTAZIONE E CONTROVERSIE COLLETTIVE. Italia$v21 676 $a331.80945$9SINDACATI E CONTRATTAZIONE COLLETTIVA. Italia$v23 686 $aIT/X42.5/PSI$cPARTITI E MOVIMENTI POLITICI ITALIA PARTITO SOCIALISTA ITALIANO$2R 686 $aMo.i.1.2$cMovimento operaio italiano. Opere di carattere storico-politico$2F 686 $aX14.0$cMOVIMENTO OPERAIO INTERNAZIONALE$2R 696 $aOpposizione operaia 696 $aOpposizione operaia 699 $aMovimento operaio$zOpposizione operaia 699 $aMovimento operaio$zOpposizione operaia 700 1$aTrevisani$b, Giulio$f <1890-1969>$3RAVV005110$4070$0169867 790 1$aDa Napoli$b, Giulio$3SBNV002956$zTrevisani, Giulio <1890-1969> 801 3$aIT$bIT-000000$c19920714 850 $aIT-BN0095 $aIT-NA0299 $aIT-NA0079 $aIT-NA0230 901 $bNAP BN$cF.ARCUNO $nIl Fondo è escluso dal servizio di prestito. La consegna dei documenti è effettuata dalle Sale di Consultazione 901 $bNAP 01$cDEMARCO $n$ 901 $bNAP AG$cF.AVOLIO $n$ 912 $aLO10093896 950 1$aBiblioteca Centralizzata di Ateneo$cv. 2$d 01DEMARCO MON. 148 967 $m4 977 $a 01$a AG$a BN$a IR 996 $aLineamenti di una storia del movimento operaio italiano$9688503 997 $aUNISANNIO